| 000 | 00479pab a2200181 454500 | ||
|---|---|---|---|
| 008 | 180718b2014 xxu||||| |||| 00| 0 eng d | ||
| 100 | _aBiswas, Sreelata | ||
| 245 | _aForeign direct investment and technology transfer: An analytical review | ||
| 260 | _c2014 | ||
| 300 | _ap.39-60. | ||
| 362 | _aJun | ||
| 650 | _aTechnology transfer | ||
| 650 | _aForeign investment | ||
| 700 | _aSaha, Anup Kumar | ||
| 773 | _aAsian Economic Review | ||
| 908 | _aN | ||
| 909 | _a104618 | ||
| 999 |
_c104614 _d104614 |
||